Biología, 14th Edition (Registro nro. 229123)
[ vista simple ]
| 000 -LEADER | |
|---|---|
| fixed length control field | 01456nam#a2200265 4500 |
| 001 - CONTROL NUMBER | |
| control field | 9781456299187 |
| 003 - CONTROL NUMBER IDENTIFIER | |
| control field | VST |
| 005 - DATE AND TIME OF LATEST TRANSACTION | |
| control field | 20250425090632.0 |
| 006 - FIXED-LENGTH DATA ELEMENTS--ADDITIONAL MATERIAL CHARACTERISTICS | |
| fixed length control field | m o d |
| 007 - PHYSICAL DESCRIPTION FIXED FIELD--GENERAL INFORMATION | |
| fixed length control field | cr#un#---uucau |
| 008 - FIXED-LENGTH DATA ELEMENTS--GENERAL INFORMATION | |
| fixed length control field | 240405s2024 MEX d |
| 020 ## - INTERNATIONAL STANDARD BOOK NUMBER | |
| International Standard Book Number | 9781456299187 |
| 040 ## - CATALOGING SOURCE | |
| Original cataloging agency | VST |
| Transcribing agency | VST |
| Modifying agency | VST |
| 100 1# - MAIN ENTRY--PERSONAL NAME | |
| Personal name | Sylvia S. Mader, Michael Windelspecht |
| Relator term | author |
| 245 10 - TITLE STATEMENT | |
| Title | Biología, 14th Edition |
| 250 ## - EDITION STATEMENT | |
| Edition statement | 14th edition |
| 260 ## - PUBLICATION, DISTRIBUTION, ETC. | |
| Place of publication, distribution, etc. | Mexico : |
| 264 #1 - PRODUCTION, PUBLICATION, DISTRIBUTION, MANUFACTURE, AND COPYRIGHT NOTICE | |
| Place of production, publication, distribution, manufacture | Mexico : |
| Name of producer, publisher, distributor, manufacturer | McGraw-Hill Interamericana, |
| Date of production, publication, distribution, manufacture, or copyright notice | 2024 |
| 300 ## - PHYSICAL DESCRIPTION | |
| Extent | 1 online resource |
| 336 ## - CONTENT TYPE | |
| Content type term | text |
| Content type code | txt |
| Source | rdacontent |
| 337 ## - MEDIA TYPE | |
| Media type term | computer |
| Media type code | c |
| Source | rdamedia |
| 520 ## - SUMMARY, ETC. | |
| Summary, etc. | Biología es un libro de texto introductorio que cubre desde la estructura y la función celulares hasta la conservación de la biodiversidad. La obra se centra en la evolución y diversidad de los organismos, y es adecuada para cualquier curso de biología de uno o dos semestres. Asimismo, presenta el material de la manera más concisa y amena posible, lo que permite a los lectores dominar los conceptos fundamentales. El contenido del libro enfatiza e integra tres temas principales: evolución, naturaleza de la ciencia y sistemas biológicos; temas que están presentes en todos los aspectos del texto, desde los objetivos de aprendizaje de la unidad hasta las lecturas incluidas en secciones específicas de los capítulos. |
| 856 40 - ELECTRONIC LOCATION AND ACCESS | |
| Uniform Resource Identifier | <a href="https://resolver.vitalsource.com/9781456299187">https://resolver.vitalsource.com/9781456299187</a> |
| 942 ## - ADDED ENTRY ELEMENTS (KOHA) | |
| Koha item type | Recurso Electrónico |
| Withdrawn status | Lost status | Damaged status | Not for loan | Collection | Home library | Current library | Date acquired | Total checkouts | Date last seen | Price effective from | Koha item type |
|---|---|---|---|---|---|---|---|---|---|---|---|
| Colección McGraw Hill | Biblioteca Digital UIN | Biblioteca Digital UIN | 04/25/2025 | 04/25/2025 | 04/25/2025 | Recurso Electrónico |